Manual de silvicultura urbana de Pereira (Registro nro. 7458)

Detalles MARC
000 -CABECERA
Campo de control 00696nam a22002057a 4500
005 - FECHA Y HORA DE LA ULTIMA TRANSACCION
Campo de control 20130724144111.0
008 - ELEMENTOS DE LONGITUD FIJA—INFORMACION GENERAL
Campo de control 120810s2010 ck ab gr 000 0 spa d
020 ## - ISBN
ISBN 9789587221046
041 ## - IDIOMA
Código de idioma para texto/pista de sonido o título separado Español
044 ## - PAÍS DE PUBLICACIÓN
País de publicación Colombia
082 04 - NUMERO DE CLASIFICACION DECIMAL DEWEY
Número de clasificación 635.977
Número del ítem M294m
245 00 - MENCION DE TITULO
Título Manual de silvicultura urbana de Pereira
Mención de responsabilidad fot. Dorian Ruíz Penagos ... [et al.]
260 ## - PUBLICACION, DISTRIBUCION, ETC. (PIE DE IMPRENTA)
Lugar de publicación, distribución, etc. Pereira
Nombre del editor, distribuidor, etc. Alcaldía de Pereira
-- Universidad Tecnológica e Pereira
Fecha de publicación, distribución, etc. 2010
300 ## - DESCRIPCION FISICA
Extensión 172 p.
Otros detalles físicos il., mapas
Dimensiones 24 cm.
504 ## - NOTA DE BIBLIOGRAFIA, ETC.
Nota de bibliografía Incluye referencias bibliográficas y glosario
650 17 - ASIENTO SECUNDARIO DE MATERIA - TERMINO TEMATICO
Término temático o nombre geográfico como elemento de entrada Silvicultura
Subdivisión geográfica Pereira
650 17 - ASIENTO SECUNDARIO DE MATERIA - TERMINO TEMATICO
Término temático o nombre geográfico como elemento de entrada Desarrollo forestal
Subdivisión geográfica Pereira
700 1# - ASIENTO SECUNDARIO - NOMBRE PERSONAL
Nombre personal Ruíz Penagos, Dorian
Término de relación il.
942 ## - ELEMENTOS ADICIONALES (KOHA)
Sistema de clasificación Dewey Decimal Classification
Tipo de ítem
Existencias
Withdrawn status Lost status Sistema de Clasificación Damaged status No para préstamo Colección Inventariado Ubicación Permanente Ubicación actual Fecha de adquisición Fuente de Valor Valor Total Checkouts Número topográfico Inventario / Código de Barras Date last seen Ejemplar Price effective from Forma de adquisición Tipo de material
    Dewey Decimal Classification     General Inventariado 2017 Bogotá Bogotá 24/07/2013 Instituto 39000.00   LB-635.977 M294m 028632 24/07/2013 Ej. 1 24/07/2013   Libro
    Dewey Decimal Classification     General Inventariado 2017 Sala Fabio Quevedo Sala Fabio Quevedo 17/02/2014 Instituto 39000.00   LB-635.977 M294m 059855 17/02/2014 Ej. 2 17/02/2014   Libro